| 000 | 00348nam 22001453 4500 | ||
|---|---|---|---|
| 001 | 202431 | ||
| 090 | _a202431 | ||
| 100 | _a20260603d u||y0pory50 ba | ||
| 200 |
_aOn every street (CD áudio) _fDire straits |
||
| 215 | _d1 cd áudio | ||
| 606 |
_91103 _aMúsica |
||
| 675 | _a78 | ||
| 710 |
_917446 _aDIRE STRAITS |
||
| 801 |
_aPT _bBMMN _gRPC |
||
| 990 | _cCD MUSICA | ||